00858cam a2200229M 450000500170000000800410001702000150005802000180007303500210009104000500011204100080016210000180017024501300018826000530031830000580037150400530042965000430048265000280052565000300055365000260058370000190060920150619105507.0150619s2013 enkad fr 001 0 eng d a1306053978 a9781782545576 a(OCoLC)905640034 aCO-BoUCMbspacJose A. GerenadJose A. Gerena0 aeng1 aDong-Sung Cho10aInternational review of national competitivenessba detailed analysis of sources and rankingscDong-Sung Cho, Hwy-Chang Moon. aCheltenham (Reino Unido)bEdward Elgar Pubc2013 aix, 331 páginasbilustraciones, cuadros, gráficas aIncluye referencias bibliográficas e índices 7aCompetencia económica internacional  7aComercio internacional  7aIndicadores económicos  7aIndicadores sociales 1 aHwy-Chang Moon